[Event "Open Nuevo Centro. Jornada 3"]
[Site "Chess.com"]
[Date "2020.07.03"]
[Round "7"]
[White "Chernikov, Vladimir"
[Black "Gil L�pez, Alejandro"
[Result "1-0"]
[WhiteElo "2264"]
[BlackElo "2152"]
[PlyCount "79"]
[EventDate "2020.??.??"]
1. b3 c5 2. Bb2 Nc6 3. Nf3 d5 4. e3 Nf6 5. d4 e6 6. Bd3 Bd7 7. O-O Bd6 8. Nbd2
O-O 9. Ne5 Ne8 10. f4 f6 11. Nxc6 Bxc6 12. Qh5 f5 13. Nf3 Nf6 14. Qh3 h6 15.
Ne5 Bxe5 16. fxe5 Ne4 17. Bxe4 dxe4 18. dxc5 Qe7 19. Bd4 a6 20. c4 a5 21. Qh5
Qf7 22. Qxf7+ Rxf7 23. a3 g5 24. b4 a4 25. b5 Be8 26. Rab1 f4 27. c6 bxc6 28.
b6 Rc8 29. Bc5 Rb8 30. Bd6 Rbb7 31. c5 fxe3 32. Rxf7 Bxf7 33. Kf1 Bh5 34. Ke1
Kf7 35. Rb4 Ke8 36. Rxa4 Kd7 37. Ra7 Kc8 38. Ra8+ Kd7 39. Rg8 g4 40. a4 1-0

[Event "Open Nuevo Centro. Jornada 3"]
[Site "Chess.com"]
[Date "2020.07.03"]
[Round "7"]
[White "Mar�n Corresa, Arturo"
[Black "Gerona Maura, Jesus"
[Result "0-1"]
[WhiteElo "2174"]
[BlackElo "1825"]
[PlyCount "96"]
[EventDate "2020.??.??"]
1. e4 c5 2. Nf3 d6 3. d4 cxd4 4. Nxd4 Nf6 5. Nc3 g6 6. f4 Nc6 7. Nxc6 bxc6 8.
e5 dxe5 9. Qxd8+ Kxd8 10. fxe5 Nd5 11. Nxd5 cxd5 12. Bd3 Bg7 13. Bf4 Be6 14.
O-O-O Kd7 15. c4 Rhc8 16. Kb1 Ke8 17. cxd5 Bxd5 18. Bb5+ Bc6 19. Ba6 Rd8 20.
Rhg1 Rab8 21. g3 Be4+ 22. Ka1 Rb6 23. Bc4 Rdb8 24. b3 f6 25. Rge1 fxe5 26. Be3
Rd6 27. a4 Rxd1+ 28. Rxd1 Bc2 29. Rd5 Bxb3 30. Bxb3 Rxb3 31. Bxa7 Ra3+ 32. Kb2
Rxa4 33. Bc5 e4+ 34. Kb3 Ra1 35. Be3 e6 36. Rc5 Re1 37. Bd2 Re2 38. Bb4 Rb2+
39. Kc4 Rxb4+ 40. Kxb4 Bf8 41. Kc4 Bxc5 42. Kxc5 e3 43. Kd6 e2 44. Kxe6 e1=Q+
45. Kf6 Kf8 46. Kg5 Kg7 47. h4 Qe5+ 48. Kg4 Qf5# 0-1

[Event "Open Nuevo Centro. Jornada 3"]
[Site "Chess.com"]
[Date "2020.07.03"]
[Round "7"]
[White "Sanchis Bon, Sergi"
[Black "Teply Koutsky, David"
[Result "0-1"]
[WhiteElo "1024"]
[BlackElo "1629"]
[PlyCount "86"]
[EventDate "2020.??.??"]
1. e4 e6 2. e5 d5 3. exd6 cxd6 4. Nf3 d5 5. Nc3 f5 6. g3 Nf6 7. Bg2 Nc6 8. b3
a6 9. Bb2 Bd6 10. O-O O-O 11. Ng5 Ne4 12. Ncxe4 fxe4 13. Qh5 Rf5 14. Qxh7+ Kf8
15. Qxg7+ Ke8 16. Qg8+ Rf8 17. Qg6+ Ke7 18. Bg7 Rf5 19. Bh3 Ne5 20. Qh6 Nf7 21.
Nxf7 Rxf7 22. Qg5+ Kd7 23. Qg4 Kc7 24. Bd4 e5 25. Qg6 Rf6 26. Qg7+ Kb8 27. Bxc8
Kxc8 28. Be3 Re6 29. Bg5 Be7 30. Bxe7 Rxe7 31. Qg5 Qd7 32. Qe3 Kc7 33. Qc5+ Kd8
34. Qb6+ Ke8 35. Qe3 Rc8 36. Qg5 Kd8 37. Qg8+ Re8 38. Qg5+ Re7 39. Qg8+ Kc7 40.
Qg5 Kb8 41. Qe3 Rh8 42. Qb6 Qh3 43. Qa5 Qxh2# 0-1

[Event "Open Nuevo Centro. Jornada 3"]
[Site "Chess.com"]
[Date "2020.07.03"]
[Round "7"]
[White "Donate Moreno, Silvia"
[Black "Cebolla Ruiz, David"
[Result "1-0"]
[WhiteElo "1803"]
[BlackElo "1535"]
[PlyCount "103"]
[EventDate "2020.??.??"]
1. e4 c6 2. d4 d5 3. exd5 cxd5 4. Bd3 Nf6 5. c3 Nc6 6. Bf4 Bg4 7. Qb3 b6 8. Nd2
e6 9. Ngf3 Be7 10. Bb5 Qc8 11. Ne5 O-O 12. Nxc6 Bd8 13. Nxd8 Rxd8 14. Bd3 Re8
15. O-O Bh5 16. a4 Bg6 17. Bxg6 hxg6 18. Nf3 Qc4 19. Qxc4 dxc4 20. Ne5 Nd5 21.
Bd2 Rac8 22. a5 b5 23. a6 f6 24. Nxg6 Kf7 25. Nf4 Rc6 26. Rfe1 Nc7 27. Ra5 Rxa6
28. Rxa6 Nxa6 29. Ra1 Nb8 30. Rxa7+ Re7 31. Rxe7+ Kxe7 32. Kf1 Nc6 33. Ke2 g5
34. Nh5 Kf7 35. Ke3 Kg6 36. Ng3 f5 37. Ne2 e5 38. d5 Ne7 39. d6 Nd5+ 40. Kf3
e4+ 41. Kg3 f4+ 42. Nxf4+ gxf4+ 43. Bxf4 Kf6 44. h4 Kf5 45. h5 Nxf4 46. h6 Ng6
47. d7 e3 48. fxe3 Ke4 49. d8=Q Kxe3 50. Qd4+ Ke2 51. h7 Kf1 52. Qf2# 1-0

[Event "Open Nuevo Centro. Jornada 3"]
[Site "Chess.com"]
[Date "2020.07.03"]
[Round "7"]
[White "Cantero Navarro, Antonio"
[Black "Valverde Caballero, Rafael"
[Result "0-1"]
[WhiteElo "1836"]
[BlackElo "1876"]
[PlyCount "88"]
[EventDate "2020.??.??"]
1. e4 c5 2. Nf3 Nc6 3. d4 cxd4 4. Nxd4 e5 5. Nb5 d6 6. N1c3 a6 7. Na3 Be6 8.
Be2 Nf6 9. O-O d5 10. exd5 Nxd5 11. Nxd5 Qxd5 12. Nc4 Qxd1 13. Rxd1 Bxc4 14.
Bxc4 f6 15. Be3 b5 16. Bd5 Rc8 17. Bb6 Nb4 18. Bb3 Bc5 19. Bxc5 Rxc5 20. a4
bxa4 21. Rxa4 a5 22. Rd6 Ke7 23. Re6+ Kd7 24. Rb6 Rhc8 25. Be6+ Kc7 26. Rbxb4
Rd8 27. Bg4 axb4 28. Rxb4 Rxc2 29. g3 Rdd2 30. Bf5 Rxb2 31. Rc4+ Kd6 32. Bxh7
Rxf2 33. Be4 Rxh2 34. Ba8 Rhd2 35. Rc1 f5 36. Bf3 e4 37. Bh5 g5 38. Bg6 Ke5 39.
Rf1 f4 40. gxf4+ gxf4 41. Re1 e3 42. Rc1 Rg2+ 43. Kf1 Rxg6 44. Rc5+ Kd4 0-1

[Event "Open Nuevo Centro. Jornada 3"]
[Site "Chess.com"]
[Date "2020.07.03"]
[Round "7"]
[White "Vega Guti�rrez, Sabrina"
[Black "Garcia, Jhoel"
[Result "1-0"]
[WhiteElo "2190"]
[BlackElo "2318"]
[PlyCount "87"]
[EventDate "2020.??.??"]
1. e4 c5 2. Nf3 Nc6 3. d4 cxd4 4. Nxd4 g6 5. c4 Bg7 6. Be3 Nf6 7. Nc3 d6 8. Be2
O-O 9. O-O Bd7 10. h3 a6 11. Nf3 Rc8 12. Rc1 Be6 13. b3 Qa5 14. Qd3 Nd7 15. Bd2
Qd8 16. Qb1 Nc5 17. Rfd1 Ne5 18. Nd4 Bd7 19. Be3 Qe8 20. Nd5 Bc6 21. b4 Ne6 22.
Nb6 Rd8 23. b5 axb5 24. cxb5 Bd7 25. f4 Bh6 26. Nxe6 fxe6 27. g3 Nf7 28. Qb3
Kh8 29. Kg2 Bg7 30. Rc7 e5 31. Nxd7 Rxd7 32. Rdc1 Qd8 33. b6 Nh6 34. Rxd7 Qxd7
35. Rc7 Qd8 36. Rxb7 exf4 37. gxf4 Ng8 38. Qe6 Nf6 39. Qxe7 Qxe7 40. Rxe7 d5
41. e5 Ne4 42. b7 Nc3 43. Rc7 d4 44. Bxd4 1-0

[Event "Open Nuevo Centro. Jornada 3"]
[Site "Chess.com"]
[Date "2020.07.03"]
[Round "7"]
[White "Mart�nez Escandell, Alfonso"
[Black "Haoyou, Deng"
[Result "1/2-1/2"]
[WhiteElo "1727"]
[BlackElo "1810"]
[PlyCount "92"]
[EventDate "2020.??.??"]
1. e4 d6 2. Nf3 Nf6 3. Nc3 g6 4. d4 Bg7 5. Bb5+ c6 6. Bd3 O-O 7. O-O b5 8. a3
Nbd7 9. Re1 e5 10. Be3 a6 11. Qd2 Ng4 12. Bg5 Qc7 13. d5 c5 14. h3 Ngf6 15.
Rad1 c4 16. Bf1 Nc5 17. Qe3 Rb8 18. b4 cxb3 19. cxb3 Bd7 20. b4 Nb7 21. Rc1 Qd8
22. Qa7 h6 23. Bxf6 Qxf6 24. Qxa6 Bxh3 25. Nxb5 Bg4 26. Nh2 Bd7 27. Rc7 Bxb5
28. Qxb5 Nc5 29. Qc6 Nb3 30. Rd7 Rfd8 31. Ng4 Qf4 32. Qxd6 Rxd7 33. Qxb8+ Kh7
34. Qc8 Qxg4 35. Be2 Qxe4 36. Qxd7 Nd4 37. Kf1 Nxe2 38. Rxe2 Qb1+ 39. Re1 Qd3+
40. Kg1 f5 41. Rxe5 Qd1+ 42. Kh2 Qh5+ 43. Kg1 Qd1+ 44. Kh2 Qh5+ 45. Kg3 Qg4+
46. Kh2 Qh5+ 1/2-1/2

[Event "Open Nuevo Centro. Jornada 3"]
[Site "Chess.com"]
[Date "2020.07.03"]
[Round "7"]
[White "Garc�a Gim�nez, Santiago"
[Black "Segarra Martinez, Axel"
[Result "1/2-1/2"]
[WhiteElo "1870"]
[BlackElo "2221"]
[PlyCount "130"]
[EventDate "2020.??.??"]
1. e4 e6 2. d4 d5 3. Nd2 Nf6 4. e5 Nfd7 5. Bd3 c5 6. c3 Nc6 7. Ne2 cxd4 8. cxd4
f6 9. exf6 Qxf6 10. Nf3 h6 11. O-O Bd6 12. Nc3 O-O 13. a3 Rd8 14. Bc2 Nf8 15.
Re1 Bd7 16. b4 a6 17. Na4 Be8 18. Qd3 Bg6 19. Qd2 Rac8 20. Bxg6 Nxg6 21. Nb6
Rc7 22. Qe2 Re7 23. g3 Rf8 24. Kg2 Nxd4 25. Nxd4 Qxd4 26. Be3 Qe4+ 27. f3 Qf5
28. Rad1 Ne5 29. Bf4 Nxf3 30. Qxf3 g5 31. Qh5 gxf4 32. Qxf5 Rxf5 33. Nc8 f3+
34. Kf1 Rd7 35. Rxe6 Bf8 36. Nb6 Rc7 37. Nxd5 Rc2 38. Ne3 Rxh2 39. Nxf5 Rh1+
40. Kf2 Rxd1 41. Nxh6+ Kh7 42. Nf5 Rd3 43. Rb6 Rxa3 44. Rxb7+ Kg6 45. Nh4+ Kh5
46. Nxf3 Rb3 47. Rh7+ Kg6 48. Ra7 Ra3 49. Ne5+ Kf5 50. Nc6 Bd6 51. Rf7+ Ke6 52.
Rf3 Ra2+ 53. Kf1 Kd5 54. Nd8 Bxb4 55. Nf7 a5 56. g4 Ra1+ 57. Kg2 Bc5 58. g5
Rg1+ 59. Kh2 Ke6 60. Nd8+ Kd5 61. Nb7 Bd4 62. Rf5+ Ke4 63. Rxa5 Kf4 64. Nd6
Rxg5 65. Rxg5 Kxg5 1/2-1/2

[Event "Open Nuevo Centro. Jornada 3"]
[Site "Chess.com"]
[Date "2020.07.03"]
[Round "7"]
[White "Silva Rodriguez, Fernando"
[Black "Macias Pino, Diego"
[Result "1/2-1/2"]
[WhiteElo "2453"]
[BlackElo "2224"]
[PlyCount "136"]
[EventDate "2020.??.??"]
1. d4 d5 2. Nc3 Nf6 3. Bf4 c5 4. e3 cxd4 5. exd4 a6 6. Nf3 Nc6 7. Ne5 Bf5 8. g4
Be6 9. h3 Nd7 10. Nd3 Nxd4 11. Bg2 Nb5 12. Nxb5 axb5 13. Nb4 Nb6 14. O-O g6 15.
Be5 f6 16. Bd4 Bg7 17. Bxb6 Qxb6 18. Nxd5 Qd8 19. Re1 Ra6 20. Qe2 O-O 21. Rad1
Rd6 22. Qxb5 Bd7 23. Qb3 Kh8 24. Rxe7 Bc6 25. Re3 f5 26. Red3 fxg4 27. hxg4 Qg5
28. Qb4 Rdd8 29. c3 Qh4 30. f3 Qg3 31. Kf1 Bxd5 32. Rxd5 Rxd5 33. Rxd5 Rxf3+
34. Bxf3 Qxf3+ 35. Ke1 Qxd5 36. Qb6 h5 37. gxh5 gxh5 38. Qc7 Kh7 39. Qc8 h4 40.
Kf2 Qe4 41. Qh3 Qf4+ 42. Ke2 Qe5+ 43. Kf2 Bf6 44. Qf3 Kg7 45. Kg2 Bg5 46. Qxb7+
Kh6 47. Qf3 Qd6 48. Kh3 Qd7+ 49. Kg2 Qd2+ 50. Kh3 Qxb2 51. Qc6+ Kg7 52. Qd7+
Kg6 53. Qe6+ Bf6 54. Qg4+ Kf7 55. Qd7+ Be7 56. Qf5+ Ke8 57. Qc8+ Bd8 58. Qe6+
Kf8 59. Qf5+ Kg7 60. Qd7+ Kg6 61. Qxd8 Qxc3+ 62. Kxh4 Qb4+ 63. Kg3 Qa3+ 64. Kf4
Qxa2 65. Qg5+ Kf7 66. Qf5+ Ke7 67. Qe5+ Qe6 68. Qxe6+ Kxe6 1/2-1/2

[Event "Open Nuevo Centro. Jornada 3"]
[Site "Chess.com"]
[Date "2020.07.03"]
[Round "8"]
[White "Elenkov Olmo, Ivan"
[Black "Tormos Beltran, Maite"
[Result "0-1"]
[WhiteElo "932"]
[BlackElo "1437"]
[PlyCount "28"]
[EventDate "2020.??.??"]
1. e4 d5 2. exd5 Qxd5 3. Nc3 Qd6 4. d3 c6 5. Nh3 Nf6 6. Bf4 Qb4 7. a3 Qxb2 8.
Qb1 Qxc3+ 9. Bd2 Qe5+ 10. Be3 Bxh3 11. f4 Qxe3+ 12. Be2 Bxg2 13. Rf1 Bxf1 14.
Kxf1 b6 0-1

[Event "Open Nuevo Centro. Jornada 3"]
[Site "Chess.com"]
[Date "2020.07.03"]
[Round "8"]
[White "Colomer Martinez, Isabel"
[Black "Hern�ndez Tom�s, Efr�n"
[Result "0-1"]
[WhiteElo "1099"]
[BlackElo "996"]
[PlyCount "20"]
[EventDate "2020.??.??"]
1. e4 e5 2. Nf3 Nf6 3. Nxe5 Qe7 4. d4 d6 5. Nc4 Nxe4 6. Be2 Be6 7. d5 Bg4 8. f3
Bxf3 9. gxf3 Qh4+ 10. Kf1 Qf2# 0-1

[Event "Open Nuevo Centro. Jornada 3"]
[Site "Chess.com"]
[Date "2020.07.03"]
[Round "8"]
[White "Pardo Ruiz, Beatriz"
[Black "Donate Moreno, David"
[Result "0-1"]
[WhiteElo "1202"]
[BlackElo "1538"]
[PlyCount "34"]
[EventDate "2020.??.??"]
1. e4 e5 2. Nf3 Nc6 3. Bc4 Nf6 4. Nc3 Bc5 5. d3 O-O 6. Bg5 h6 7. Bh4 d6 8. h3
Ne7 9. Bxf6 gxf6 10. O-O Ng6 11. Qe2 Nf4 12. Qd2 Kh7 13. a3 Rg8 14. Kh2 Rxg2+
15. Kh1 Qd7 16. Rg1 Qxh3+ 17. Nh2 Rxh2# 0-1

[Event "Open Nuevo Centro. Jornada 3"]
[Site "Chess.com"]
[Date "2020.07.03"]
[Round "8"]
[White "Miranda Calvo, Max Rodrigo"
[Black "Donate Peris, Jose Manuel"
[Result "1-0"]
[WhiteElo "1273"]
[BlackElo "1542"]
[PlyCount "43"]
[EventDate "2020.??.??"]
1. e4 e5 2. Nf3 Nc6 3. Bc4 Bc5 4. b4 Bxb4 5. c3 Bc5 6. d4 exd4 7. O-O Nge7 8.
cxd4 Bb4 9. Qb3 d5 10. exd5 Nxd5 11. Bxd5 O-O 12. Bxc6 bxc6 13. Qxb4 Bg4 14.
Bg5 f6 15. Qc4+ Kh8 16. Bh4 Bxf3 17. gxf3 Rb8 18. Bg3 Rb2 19. Bxc7 Qxc7 20. Qa4
Qf4 21. Qa3 Qxd4 22. Qxf8# 1-0

[Event "Open Nuevo Centro. Jornada 3"]
[Site "Chess.com"]
[Date "2020.07.03"]
[Round "8"]
[White "Garrido Silos, Pablo"
[Black "Rodriguez Rodriguez, Joan David "
[Result "1-0"]
[WhiteElo "1383"]
[BlackElo "1571"]
[PlyCount "45"]
[EventDate "2020.??.??"]
1. e4 e5 2. Nf3 Nc6 3. Bb5 a6 4. Bxc6 dxc6 5. O-O Nf6 6. Nxe5 Qd4 7. Nf3 Bg4 8.
Nxd4 Bxd1 9. Rxd1 Nxe4 10. Re1 O-O-O 11. Rxe4 Bc5 12. Nf3 f5 13. Re1 h6 14. d3
g5 15. Be3 Bb4 16. Bd2 g4 17. Bxb4 gxf3 18. gxf3 f4 19. Bd2 Rdf8 20. Nc3 Rf5
21. Kh1 h5 22. Rg1 h4 23. Rg4 1-0

[Event "Open Nuevo Centro. Jornada 3"]
[Site "Chess.com"]
[Date "2020.07.03"]
[Round "8"]
[White "Perez Garcia, Jose Miguel"
[Black "Aguado, Pablo Luis"
[Result "0-1"]
[WhiteElo "2126"]
[BlackElo "1914"]
[PlyCount "60"]
[EventDate "2020.??.??"]
1. e4 e5 2. Nf3 Nf6 3. Nxe5 d6 4. Nf3 Nxe4 5. Nc3 Nxc3 6. dxc3 Be7 7. Bf4 O-O
8. Qd2 Nd7 9. O-O-O Nc5 10. Bd3 Be6 11. Kb1 Qd7 12. h3 Nxd3 13. cxd3 c5 14. d4
Bf5+ 15. Ka1 Qc6 16. d5 Qa4 17. Bg5 Bxg5 18. Qxg5 Bc2 19. Rde1 Bb3 20. a3 Bc4
21. Re4 Qb3 22. Rxc4 Qxc4 23. h4 b5 24. h5 h6 25. Qd2 a5 26. Rh4 Qb3 27. Rg4
Kh8 28. Qd3 b4 29. Nd2 Qd1+ 30. Ka2 b3+ 0-1

[Event "Open Nuevo Centro. Jornada 3"]
[Site "Chess.com"]
[Date "2020.07.03"]
[Round "8"]
[White "Cruz LLedo, Pablo"
[Black "Bercaru, Vlad Ionut"
[Result "1-0"]
[WhiteElo "2491"]
[BlackElo "1908"]
[PlyCount "57"]
[EventDate "2020.??.??"]
1. g3 g6 2. Bg2 Bg7 3. f3 d6 4. Nh3 Nf6 5. Nf2 Nc6 6. O-O Kf8 7. c3 Be6 8. d4
Qd7 9. e4 Nb8 10. d5 Nxd5 11. exd5 Bf5 12. Nd2 g5 13. Nde4 Bxe4 14. Nxe4 h6 15.
f4 f5 16. fxg5 hxg5 17. Nxg5 Bf6 18. Ne6+ Kf7 19. Rxf5 Na6 20. Qf3 Nc5 21. Nxc5
dxc5 22. Bg5 Qd6 23. Rf1 c4 24. Bxf6 Qb6+ 25. Bd4+ Ke8 26. Bxb6 axb6 27. Rf8+
Rxf8 28. Qxf8+ Kd7 29. Qxa8 1-0

[Event "Open Nuevo Centro. Jornada 3"]
[Site "Chess.com"]
[Date "2020.07.03"]
[Round "8"]
[White "Albuixech Sanz, Jorge"
[Black "Bosch Jord�, Ricard"
[Result "0-1"]
[WhiteElo "1728"]
[BlackElo "1854"]
[PlyCount "38"]
[EventDate "2020.??.??"]
1. e4 c5 2. Nf3 Nc6 3. d4 cxd4 4. Nxd4 g6 5. c4 Nf6 6. Nc3 Nxd4 7. Qxd4 d6 8.
Be3 Bg7 9. Be2 O-O 10. Qd2 a5 11. O-O a4 12. Rac1 Qa5 13. Rfd1 Be6 14. Nd5 Qxd2
15. Nxe7+ Kh8 16. Bxd2 Nxe4 17. Be3 Bxb2 18. Rc2 a3 19. Rxd6 Nxd6 0-1

[Event "Open Nuevo Centro. Jornada 3"]
[Site "Chess.com"]
[Date "2020.07.03"]
[Round "8"]
[White "M�s Ripoll, Vicente"
[Black "Mart�nez Cuenca, Adri�n "
[Result "1-0"]
[WhiteElo "1003"]
[BlackElo "682"]
[PlyCount "27"]
[EventDate "2020.??.??"]
1. e4 e5 2. Nf3 c6 3. d4 Bb4+ 4. c3 Nf6 5. Bg5 Ng4 6. Bxd8 b5 7. cxb4 O-O 8.
Bg5 Ba6 9. dxe5 f5 10. exf6 Rxf6 11. Bxf6 Kf8 12. Qd6+ Kf7 13. Ng5+ Ke8 14.
Qe7# 1-0

[Event "Open Nuevo Centro. Jornada 3"]
[Site "Chess.com"]
[Date "2020.07.03"]
[Round "8"]
[White "Beneyto de Ramon, Guillermo"
[Black "G�mez Alonso, �scar"
[Result "0-1"]
[WhiteElo "1527"]
[BlackElo "1787"]
[PlyCount "87"]
[EventDate "2020.??.??"]
1. c4 Nf6 2. Nc3 e6 3. g3 d5 4. cxd5 exd5 5. d4 c6 6. Bg2 Be7 7. Nf3 O-O 8. O-O
Bd7 9. Ne5 Be6 10. Bg5 Nbd7 11. Nxd7 Nxd7 12. Bxe7 Qxe7 13. Re1 f5 14. e3 Nf6
15. Ne2 Ne4 16. Nf4 Bd7 17. f3 Ng5 18. Qc2 Ne6 19. Nxe6 Bxe6 20. e4 fxe4 21.
fxe4 dxe4 22. Qxe4 Rf6 23. Re3 Qd7 24. Rae1 Bxa2 25. Qe8+ Rxe8 26. Rxe8+ Kf7
27. R1e4 Qxe8 28. Rxe8 Kxe8 29. h4 Ke7 30. Kh2 Kd6 31. Kh3 Bd5 32. Bf1 Rxf1 33.
g4 Rf3+ 34. Kg2 Rb3+ 35. Kh2 Rxb2+ 36. Kh3 Rb3+ 37. Kh2 a5 38. h5 a4 39. h6
gxh6 40. g5 hxg5 41. Kg1 a3 42. Kh2 a2 43. Kg1 Rb2 44. Kf1 0-1

[Event "Open Nuevo Centro. Jornada 3"]
[Site "Chess.com"]
[Date "2020.07.03"]
[Round "8"]
[White "Sanchez Saez, Francisco"
[Black "Mart�nez Albelda, Mariela"
[Result "1-0"]
[WhiteElo "2152"]
[BlackElo "1018"]
[PlyCount "91"]
[EventDate "2020.??.??"]
1. Nf3 d5 2. b3 Nf6 3. Bb2 Bf5 4. g3 Nc6 5. Bg2 e6 6. O-O Bc5 7. d3 Ng4 8. Nbd2
Nxf2 9. Rxf2 Bd4 10. Nxd4 Nxd4 11. Bxd4 O-O 12. e4 dxe4 13. dxe4 Bg6 14. c3 b6
15. Be3 Qd7 16. Qe2 Rad8 17. Nc4 b5 18. Ne5 Qd6 19. Nxg6 hxg6 20. Bxa7 Rd7 21.
b4 Rfd8 22. Bc5 Qd2 23. Qxd2 Rxd2 24. Rxd2 Rxd2 25. Bd4 f6 26. e5 fxe5 27. Bxe5
Re2 28. Bxc7 e5 29. Bd5+ Kh7 30. Rd1 e4 31. Kf1 Rxh2 32. Bxe4 Rh5 33. Kg2 Kh6
34. Rd6 Kh7 35. Bxg6+ Kh6 36. Bxh5+ Kxh5 37. Rd5+ Kg4 38. Rxb5 g5 39. Bd8 Kh5
40. Rxg5+ Kh6 41. Kf3 Kh7 42. Kf4 Kh6 43. Kf5 Kh7 44. Kf6 Kh6 45. Kf7 Kh7 46.
Rh5# 1-0

[Event "Open Nuevo Centro. Jornada 3"]
[Site "Chess.com"]
[Date "2020.07.03"]
[Round "8"]
[White "Gerona Maura, Jesus"
[Black "Mingarro Carceller, Sergi"
[Result "0-1"]
[WhiteElo "1822"]
[BlackElo "2091"]
[PlyCount "44"]
[EventDate "2020.??.??"]
1. e4 c5 2. Nf3 d6 3. d4 cxd4 4. Nxd4 Nf6 5. f3 e5 6. Nb3 a5 7. a4 d5 8. Bb5+
Nc6 9. exd5 Nxd5 10. c4 Bb4+ 11. Bd2 Ne3 12. Qc1 Nxg2+ 13. Kf2 Bh3 14. Bxb4
Qh4+ 15. Ke2 Nf4+ 16. Ke3 axb4 17. Rg1 O-O 18. N1d2 Rad8 19. Nc5 Nd4 20. Rxg7+
Kxg7 21. Qg1+ Kh8 22. Nde4 Nf5# 0-1

[Event "Open Nuevo Centro. Jornada 3"]
[Site "Chess.com"]
[Date "2020.07.03"]
[Round "8"]
[White "Alvarez Usina, Jordi"
[Black "Gimenez Saiz, Jose Raul"
[Result "0-1"]
[WhiteElo "1264"]
[BlackElo "1563"]
[PlyCount "40"]
[EventDate "2020.??.??"]
1. d4 Nf6 2. Bf4 d6 3. e3 g6 4. Nf3 Bg7 5. Nbd2 O-O 6. Be2 Nfd7 7. c3 Nc6 8.
Qc2 e5 9. Bg3 f5 10. O-O h6 11. h3 f4 12. Bh2 g5 13. exf4 gxf4 14. dxe5 dxe5
15. Bc4+ Kh8 16. Rfe1 Nc5 17. Bb3 Bf5 18. Qc1 Nd3 19. Qd1 Nxe1 20. Qxe1 Qf6 0-1

[Event "Open Nuevo Centro. Jornada 3"]
[Site "Chess.com"]
[Date "2020.07.03"]
[Round "8"]
[White "Fitzpatrick Dimas  , Andrew "
[Black "Gukasov, Artem"
[Result "0-1"]
[WhiteElo "1176"]
[BlackElo "1524"]
[PlyCount "28"]
[EventDate "2020.??.??"]
1. e4 e6 2. Nf3 d5 3. e5 c5 4. Nc3 d4 5. Na4 a6 6. d3 b5 7. Nxc5 Bxc5 8. Qd2
Ne7 9. Qg5 O-O 10. Qh5 Nd5 11. Ng5 h6 12. Nf3 Nb4 13. Bxh6 gxh6 14. Qxh6 Be7

[Event "Open Nuevo Centro. Jornada 3"]
[Site "Chess.com"]
[Date "2020.07.03"]
[Round "8"]
[White "Yuste Valenzuela, Alejandro"
[Black "Martinez Hernandez, Paula"
[Result "1-0"]
[WhiteElo "1875"]
[BlackElo "2030"]
[PlyCount "51"]
[EventDate "2020.??.??"]
1. e4 c6 2. d4 d5 3. e5 c5 4. dxc5 Nc6 5. a3 Nxe5 6. b4 a6 7. Bb2 Ng6 8. Nf3
Bg4 9. h3 Bxf3 10. Qxf3 Nf6 11. Bd3 e6 12. h4 Qc7 13. h5 Ne5 14. Qg3 Nxd3+ 15.
Qxd3 Be7 16. Nd2 O-O 17. h6 g6 18. O-O-O e5 19. f4 e4 20. Qd4 Qxf4 21. Rdf1 Qg5
22. Kb1 Rad8 23. Nb3 Rc8 24. Bc1 Qg4 25. Rxf6 Rfe8 26. Rf4 1-0

[Event "Open Nuevo Centro. Jornada 3"]
[Site "Chess.com"]
[Date "2020.07.03"]
[Round "8"]
[White "Conejero Mart�nez, V�ctor"
[Black "Grigorev, Artur "
[Result "1-0"]
[WhiteElo "1466"]
[BlackElo "944"]
[PlyCount "45"]
[EventDate "2020.??.??"]
1. d4 d5 2. c4 e6 3. Nc3 Nc6 4. Nf3 Nf6 5. Bg5 Be7 6. e3 h6 7. Bh4 b6 8. Bd3
O-O 9. a3 Ba6 10. b3 g5 11. Bg3 Nh5 12. Be5 Nxe5 13. Nxe5 f6 14. Nc6 Qd6 15.
Nxe7+ Qxe7 16. Qxh5 dxc4 17. bxc4 Qg7 18. O-O Bb7 19. Be4 Bxe4 20. Nxe4 f5 21.
Nc3 c5 22. Qf3 g4 23. Qc6 1-0

[Event "Open Nuevo Centro. Jornada 3"]
[Site "Chess.com"]
[Date "2020.07.03"]
[Round "8"]
[White "Pardo Ruiz, Carlos"
[Black "Fern�ndez Martin, Carlos"
[Result "1-0"]
[WhiteElo "1821"]
[BlackElo "1598"]
[PlyCount "61"]
[EventDate "2020.??.??"]
1. e4 c5 2. Nf3 d6 3. d4 cxd4 4. Nxd4 Nf6 5. Nc3 a6 6. f3 Qc7 7. Be3 e6 8. Qd2
Be7 9. g4 b5 10. h4 Bb7 11. h5 b4 12. Na4 Qa5 13. b3 Nc6 14. Nxc6 Bxc6 15. a3
Qe5 16. Bd4 Qg3+ 17. Qf2 Qxf2+ 18. Kxf2 e5 19. Be3 bxa3 20. Rxa3 O-O 21. Ra1
Nd7 22. Be2 Rfb8 23. Nc3 Nb6 24. Rxa6 Rxa6 25. Bxa6 Nd7 26. Bc4 Nf8 27. g5 Ne6
28. g6 hxg6 29. hxg6 Nf4 30. gxf7+ Kf8 31. Rh8# 1-0

[Event "Open Nuevo Centro. Jornada 3"]
[Site "Chess.com"]
[Date "2020.07.03"]
[Round "8"]
[White "Garcia, Jhoel"
[Black "Garc�a Gim�nez, Santiago"
[Result "1-0"]
[WhiteElo "2319"]
[BlackElo "1865"]
[PlyCount "75"]
[EventDate "2020.??.??"]
1. g3 Nf6 2. Bg2 g6 3. Nf3 Bg7 4. O-O O-O 5. d4 d5 6. c4 dxc4 7. Na3 Nc6 8.
Nxc4 Be6 9. Nce5 Bd5 10. Nxc6 Bxc6 11. b3 e6 12. Bb2 a5 13. Rc1 Nd7 14. Qd3 Qe7
15. e4 Nb6 16. Ne5 Bxe5 17. dxe5 a4 18. Qe3 axb3 19. axb3 Kg7 20. h4 h5 21. Bd4
Rfd8 22. Bc5 Qe8 23. Qg5 Nd7 24. Be7 Rdc8 25. Bf6+ Nxf6 26. exf6+ Kh7 27. g4
hxg4 28. Rxc6 bxc6 29. e5 Qf8 30. h5 Qh6 31. hxg6+ fxg6 32. Qxg4 Rf8 33. Qxe6
Ra5 34. f4 Ra2 35. Qxc6 Qh4 36. Qxc7+ Kh6 37. Qg7+ Kh5 38. Bf3+ 1-0

[Event "Open Nuevo Centro. Jornada 3"]
[Site "Chess.com"]
[Date "2020.07.03"]
[Round "8"]
[White "Cebolla Ruiz, David"
[Black "Marques Montolio, Luis"
[Result "0-1"]
[WhiteElo "1496"]
[BlackElo "1274"]
[PlyCount "118"]
[EventDate "2020.??.??"]
1. e4 d5 2. e5 Bf5 3. d4 e6 4. Nf3 a6 5. c4 c5 6. cxd5 Qxd5 7. Nc3 Qd8 8. Be3
cxd4 9. Qxd4 Qxd4 10. Nxd4 Bb4 11. Nxf5 Bxc3+ 12. bxc3 exf5 13. Bc4 Ne7 14. Bc5
Nbc6 15. O-O Rc8 16. Bxe7 Nxe7 17. Be2 Rxc3 18. Rab1 b5 19. Rfc1 Rxc1+ 20. Rxc1
Kd7 21. Rd1+ Ke6 22. f4 Nd5 23. Bf3 Nxf4 24. Rd6+ Kxe5 25. Rxa6 Rc8 26. Ra5 Rc5
27. Ra7 Kf6 28. Ra6+ Kg5 29. Ra7 Kf6 30. Ra6+ Ne6 31. g4 fxg4 32. Bxg4 Rg5 33.
h3 h5 34. Kf2 hxg4 35. hxg4 Rxg4 36. Kf3 Ra4 37. Rxa4 bxa4 38. Ke4 g5 39. Kf3
Kf5 40. Kg3 g4 41. a3 Kg5 42. Kg2 f5 43. Kf2 f4 44. Kg2 Nd4 45. Kf2 Nc2 46. Kg2
Nxa3 47. Kf2 Nc2 48. Ke2 a3 49. Kd2 Nb4 50. Kc1 a2 51. Kb2 g3 52. Ka1 g2 53.
Kb2 g1=Q 54. Kb3 Qb1+ 55. Kc4 Nc2 56. Kc3 a1=Q+ 57. Kc4 f3 58. Kd3 f2 59. Kd2
Qd1# 0-1

[Event "Open Nuevo Centro. Jornada 3"]
[Site "Chess.com"]
[Date "2020.07.03"]
[Round "8"]
[White "M�ndez Gim�nez , N�stor Emmanuel"
[Black "Perrot, Fabien "
[Result "1-0"]
[WhiteElo "1143"]
[BlackElo "978"]
[PlyCount "89"]
[EventDate "2020.??.??"]
1. e4 e5 2. Nf3 Nc6 3. Bc4 Bc5 4. c3 Nf6 5. O-O O-O 6. d4 d6 7. dxc5 dxc5 8.
Nxe5 Nxe5 9. Qxd8 Rxd8 10. Bb3 c4 11. Ba4 Nxe4 12. Bf4 f6 13. Bxe5 fxe5 14. f3
Nc5 15. Bb5 Nd3 16. Bxc4+ Kh8 17. Rd1 Bf5 18. g4 Nxb2 19. Rxd8+ Rxd8 20. Bb3
Bg6 21. Na3 c5 22. Nc4 Nxc4 23. Bxc4 Rd2 24. a4 Rc2 25. Rb1 b6 26. a5 h6 27.
axb6 axb6 28. Rxb6 Kh7 29. Rxg6 Kxg6 30. Bd3+ Kf6 31. Bxc2 Ke6 32. h4 Kd5 33.
Kf2 Kc4 34. Ke3 Kxc3 35. Bd3 c4 36. Bxc4 Kxc4 37. Ke4 Kc5 38. Kxe5 Kc4 39. f4
Kd3 40. f5 Ke3 41. g5 hxg5 42. hxg5 Kf3 43. f6 gxf6+ 44. gxf6 Kg4 45. f7 1-0

[Event "Open Nuevo Centro. Jornada 3"]
[Site "Chess.com"]
[Date "2020.07.03"]
[Round "8"]
[White "Yatseta Fernandez, Marc Kazymyr"
[Black "Galcin Plitnikas, Artiom"
[Result "1-0"]
[WhiteElo "1580"]
[BlackElo "1279"]
[PlyCount "89"]
[EventDate "2020.??.??"]
1. d4 d5 2. c4 e6 3. g3 Nc6 4. Bg2 Bd7 5. Nf3 Nf6 6. Be3 g6 7. O-O Bg7 8. Nbd2
O-O 9. Rc1 Ne4 10. Nxe4 dxe4 11. Ng5 Bh6 12. Nxe4 Bxe3 13. fxe3 e5 14. Nf6+ Kh8
15. dxe5 Nxe5 16. Qc2 Ng4 17. Nxd7 Qxd7 18. Rce1 Nxe3 19. Qd3 Qxd3 20. exd3
Nxf1 21. Kxf1 Rfe8 22. Rd1 c6 23. d4 Re7 24. d5 cxd5 25. cxd5 Rd7 26. Kf2 Rad8
27. Ke3 Re8+ 28. Kd3 Red8 29. Kd4 f5 30. Bf3 g5 31. Ke5 g4 32. Bg2 Rf8 33. Ke6
Rdf7 34. d6 Rf6+ 35. Ke5 R6f7 36. d7 Rd8 37. Ke6 Rff8 38. Bxb7 Kg8 39. Rd5 Kg7
40. Bc8 Rf6+ 41. Ke7 Rff8 42. Rxf5 Rg8 43. Rg5+ Kh8 44. Rxg8+ Kxg8 45. Kxd8 1-0